000 00504nam a22001697a 4500
020 _a81-7556-982-4
082 _a510
_bGOE/N
100 _aGOEL, B.S
100 _aMITTAL, S.K
245 _aNUMERICAL ANALYSIS
250 _aEIGHTEENTH EDITION
260 _aMEERUT
_bPRAGATI PRAKASHAN
_c2006
300 _a518
520 _aINCLUDES CALCULUS OF FINITE DIFFERENCES, FOR HONOURS AND POST GRADUATE STUDENTS OF INDIAN UNIVERSITIES AND ENGINEERING STUDENTS
650 _aMATHS REFERENCE
_zINDIA
942 _cBK
999 _c1296
_d1296